| 000 | 00970cam a2200205 4500 | ||
|---|---|---|---|
| 008 | 030828n2003 000 0 eng u | ||
| 035 | _a(Sirsi) u123382 | ||
| 245 | _aMunicipal waste management survey 2001/2002 | ||
| 260 | _c2003 | ||
| 490 |
_aDEFRA News Release _v(348/03) 27 August 2003 (3) |
||
| 520 | _aDEFRA has published the 2001/2002 "Municipal waste management survey", giving national and regional statistics on the collection and management of municipal waste by local authorities in England, based on information supplied by the authorities. The survey is available from the DEFRA website, http://www.defra.gov.uk/environment/statistics/wastats/index.htm. http://www.defra.gov.uk/news/2003/030827a.htm | ||
| 590 | _aWB | ||
| 650 | _aMUNICIPAL SOLID WASTE | ||
| 650 | _aLOCAL AUTHORITIES | ||
| 650 | _aWASTE COLLECTION | ||
| 650 | _aSTATISTICS | ||
| 650 | _aRECYCLING | ||
| 690 | _aENVIRONMENTAL AND LAND CONSULTANCY-WASTE MANAGEMENT | ||
| 942 | _n0 | ||
| 999 |
_c73288 _d73288 |
||